000 00445nam a2200157 4500
001 122698
003 ES-MaACL
007 t|
008 070214n19001980fr r ||||1| fre d
245 0 0 _aProblèmes de Physique et de Chimie
_b: classe de seconde /
_cpar F. G. M.
250 _a2e éd.
260 _aTours [etc.] :
_bA. Mame et fils,
_c[19__?]
300 _aVIII, 300 p. ;
_c22 cm.
700 1 _aF. G. M.
_948484
852 _aES-MaACL
_jC-7794
999 _c122698
_d122698